Die Wehrmacht im Dritten Reich : (Titelsatznr. 44999)
[ MARC ]
| 000 -Satzkennung | |
|---|---|
| Kontrollfeld mit fester Länge | 00540nac a22002051ca4500 |
| 001 - Kontrollnummer | |
| Kontrollfeld | a987674692 |
| 008 - Feld mit fester Länge zur physischen Beschreibung - Allgemeine Angaben | |
| Kontrollfeld mit fester Länge | 170707m1969 gw |||| 000u ger d |
| 041 ## - Sprachcode | |
| Sprachcode des Textes/der Tonspur oder des separaten Titels | ger |
| 040 ## - Katalogisierungsquelle | |
| Übertragungsstelle | RU-10907106 |
| 003 - Kontrollnummer Identifier | |
| Kontrollfeld | RU-10907106 |
| 100 1# - Haupteintragung - Personenname | |
| Personenname | Absolon, Rudolf |
| 245 04 - Titel | |
| Titel | Die Wehrmacht im Dritten Reich : |
| Zusatz zum Titel | Aufbau, Gliederung, Recht, Verwaltung |
| 264 ## - Produktion, Veröffentlichung, Distribution, Herstellung und Urheberrechtsvermerk | |
| Herstellungs-, Veröffentlichungs- Vertriebs-, Erzeugungsort | Boppard am Rhein : |
| Produzent, Herausgeber, Distributor, Hersteller | Boldt, |
| Datum der Herstellung, der Veröffentlichung, des Vertriebs oder des Urheberschutzvermerks | 1969- |
| 300 ## - Physische Beschreibung | |
| Umfang | 6 Bände |
| 490 #0 - Gesamttitelangabe | |
| Gesamttitelangabe | Schriften des Bundesarchivs |
| Bandnummer/Folgebezeichnung | 16 |
| 650 #0 - Nebeneintragung unter einem Schlagwort - Sachschlagwort | |
| Sachschlagwort oder geografischer Name als Eintragungselement | Drittes Reich |
| 650 #0 - Nebeneintragung unter einem Schlagwort - Sachschlagwort | |
| Sachschlagwort oder geografischer Name als Eintragungselement | Wehrmacht |
| 942 ## - Zusätzliche Felder (Koha) | |
| Koha-Medientyp | Monographien |
| Ausgeschieden | Verloren | Beschädigt | Nicht entleihbar | Heimatbibliothek | Aufenthaltsbibliothek | Aufstellungsort | Erwerbungsdatum | Inventarnummer | Signatur | Barcode | Letzte Aktivität | Preis gültig von | Koha-Medientyp |
|---|---|---|---|---|---|---|---|---|---|---|---|---|---|
| MWN Osteuropa | MWN Osteuropa | Lesesaal - 1 | 07/07/2017 | 15-01257 Ersatzß | D 52 rd Abs 1 (Bd.) | 45009 | 23/02/2021 | 22/03/2021 | Monographien |